Pascua guadalupana : (Registro nro. 61450)
[ vista simple ]
| 000 -LEADER | |
|---|---|
| fixed length control field | 01144cam a2200301 i 4500 |
| 001 - CONTROL NUMBER | |
| control field | 61450 |
| 003 - CONTROL NUMBER IDENTIFIER | |
| control field | Mx-PuUPA |
| 005 - DATE AND TIME OF LATEST TRANSACTION | |
| control field | 20250721115719.0 |
| 008 - FIXED-LENGTH DATA ELEMENTS--GENERAL INFORMATION | |
| fixed length control field | 140919s1995 mx a r 000 0 spa d |
| 020 ## - INTERNATIONAL STANDARD BOOK NUMBER | |
| International Standard Book Number | 9686056947 |
| 040 ## - CATALOGING SOURCE | |
| Original cataloging agency | Mx-PuUPA |
| Language of cataloging | spa |
| Transcribing agency | Mx-PuUPA |
| Modifying agency | Mx-PuUPA |
| Description conventions | rda |
| 041 0# - LANGUAGE CODE | |
| Language code of text/sound track or separate title | spa |
| 100 1# - MAIN ENTRY--PERSONAL NAME | |
| Personal name | Gallo Reynoso, Joaquin |
| Relator term | autor |
| 9 (RLIN) | 17346 |
| 245 10 - TITLE STATEMENT | |
| Title | Pascua guadalupana : |
| Remainder of title | 50 días con nuestra Morenita / |
| Statement of responsibility, etc. | Joaquin Gallo Reynoso. |
| 246 13 - VARYING FORM OF TITLE | |
| Title proper/short title | Pascua guadalupana : |
| Remainder of title | cincuenta días con Nuestra Morenita - del 25 de octubre al 13 de diciembre o durante el año. |
| 250 ## - EDITION STATEMENT | |
| Edition statement | Sexta edición / |
| Remainder of edition statement | noviembre |
| 264 #1 - PRODUCTION, PUBLICATION, DISTRIBUTION, MANUFACTURE, AND COPYRIGHT NOTICE | |
| Place of production, publication, distribution, manufacture | México, D.F. : |
| Name of producer, publisher, distributor, manufacturer | Obra Nacional de la Buena Prensa, |
| Date of production, publication, distribution, manufacture, or copyright notice | 2012 |
| 300 ## - PHYSICAL DESCRIPTION | |
| Extent | 224 páginas : |
| Other physical details | ilustraciones ; |
| Dimensions | 21 cm. |
| 336 ## - CONTENT TYPE | |
| Content type term | texto |
| Fuente | rdacontent |
| Materials specified | txt |
| 337 ## - MEDIA TYPE | |
| Media type term | sin medio |
| Source | rdamedia |
| Media type code | n |
| 338 ## - CARRIER TYPE | |
| Carrier type term | volumen |
| Source | rdacarrier |
| Carrier type code | nc |
| 500 ## - GENERAL NOTE | |
| General note | "-del 25 de octubre al 13 de diciembre o durante el año". - Portada. |
| 600 04 - SUBJECT ADDED ENTRY--PERSONAL NAME | |
| Personal name | Virgen de Guadalupe |
| General subdivision | Culto |
| 650 #7 - SUBJECT ADDED ENTRY--TOPICAL TERM | |
| Topical term or geographic name entry element | Catolicismo |
| Geographic subdivision | México |
| Source of heading or term | armarc |
| 942 ## - ADDED ENTRY ELEMENTS (KOHA) | |
| Source of classification or shelving scheme | Dewey Decimal Classification |
| Koha item type | Libro |
| Classification part | 232.917 |
| Item part | G146 |
| Withdrawn status | Lost status | Source of classification or shelving scheme | Damaged status | Not for loan | Collection code | Home library | Current library | Shelving location | Date acquired | Source of acquisition | Total Checkouts | Full call number | Barcode | Date last seen | Copy number | Price effective from | Koha item type |
|---|---|---|---|---|---|---|---|---|---|---|---|---|---|---|---|---|---|
| Dewey Decimal Classification | General | Centro de Estudios Guadalupanos | Centro de Estudios Guadalupanos | Sala general | 03/12/2013 | Compra | 232.917 G146 2012 | 47011 | 05/01/2026 | Ej.3 | 03/12/2013 | Libro | |||||
| Dewey Decimal Classification | General | Centro de Estudios Guadalupanos | Centro de Estudios Guadalupanos | Sala general | 19/09/2014 | Compra | 232.917 G146 2012 | 92468 | 05/01/2026 | Ej.2 | 06/10/2014 | Libro | |||||
| Dewey Decimal Classification | General | Centro de Estudios Guadalupanos | Centro de Estudios Guadalupanos | Sala general | 01/03/2023 | 232.917 G146 2012 | 92469 | 05/01/2026 | 01/03/2023 | Libro |